Middle East & Asia history quiz - Statistics

General Stats
  • This quiz has been taken 164 times
    163 since last reset
  • The average score is 14 of 20
Answers on the Map
Answers color-coded by a green-red scale on the quiz's map according to % correct below.
 
Answer Stats
Answer % Correct
china
88%
iran
82%
india
80%
south korea
78%
Turkey
78%
iraq
76%
japan
76%
north korea
76%
saudi arabia
73%
Israel
71%
Jordan
67%
Lebanon
65%
vietnam
65%
philippines
63%
pakistan
61%
taiwan
61%
kuwait
59%
Syria
59%
Georgia
57%
afganistan
35%
No matching quizzes found
Score Distribution
Percent of People with Each Score
Percentile by Number Answered
Your Score History
You have not taken this quiz since the last reset